Impak alam sekitar penternakan udang harimau di kawasan Paya Bakau Bagan Tengkorak, Tanjung Karang, Selangor /
محفوظ في:
| المؤلف الرئيسي: | |
|---|---|
| التنسيق: | أطروحة كتاب |
| اللغة: | Malay |
| منشور في: |
2005.
|
| الموضوعات: | |
| الوصول للمادة أونلاين: | http://studentsrepo.um.edu.my/id/eprint/6212 |
| الوسوم: |
إضافة وسم
لا توجد وسوم, كن أول من يضع وسما على هذه التسجيلة!
|
| LEADER | 01499cam a2200325 a 4500 | ||
|---|---|---|---|
| 001 | u790439 | ||
| 003 | SIRSI | ||
| 005 | 201004141232 | ||
| 008 | 041211s2005 my a v 000 0 may m | ||
| 040 | |a UMM |d AUM |e rda | ||
| 043 | |a a-my-se | ||
| 090 | |a SH380.62 |b M4Firbm | ||
| 100 | 0 | |a Firuza Begham Mustafa. | |
| 245 | 1 | 0 | |a Impak alam sekitar penternakan udang harimau di kawasan Paya Bakau Bagan Tengkorak, Tanjung Karang, Selangor / |c Firuza Begham binti Mustafa. |
| 260 | |c 2005. | ||
| 270 | 1 | |g Firuza Begham Mustafa. |a Universiti Malaya. Fakulti Sastera dan Sains Sosial. Jabatan Geografi. | |
| 300 | |a xv, 332 leaves : |b ill. ; |c 30 cm. | ||
| 502 | |a Thesis (Ph.D.) -- Pusat Pengajian Siswazah, Universiti Kebangsaan Malaysia, 2005. | ||
| 504 | |a Bibliography: leaves [227]-249. | ||
| 530 | |a Issued also in CD. | ||
| 650 | 0 | |a Shrimp culture |x Environmental aspects |z Selangor |z Tanjung Karang. | |
| 650 | 0 | |a Aquaculture |x Environmental aspects |z Selangor |z Tanjung Karang. | |
| 650 | 0 | |a Mangrove ecology |z Selangor |z Tanjung Karang. | |
| 650 | 0 | |a Penaeus monodon. | |
| 710 | 2 | 0 | |a Universiti Kebangsaan Malaysia. |b Pusat Pengajian Siswazah. |
| 856 | 4 | 1 | |u http://studentsrepo.um.edu.my/id/eprint/6212 |
| 900 | |a SJMK-ZA | ||
| 596 | |a 1 25 | ||
| 999 | |a SH380.62 M4FIRBM |w LC |c 1 |i A514344336 |d 23/9/2022 |e 23/9/2022 |f 5/8/2010 |g 1 |l STACKS |m P01UTAMA |n 30 |r Y |s Y |t TESIS |u 4/8/2010 |1 AHSS | ||
| 999 | |a SH380.62 M4FIRBM |w LC |c 1 |i A514344367 |f 6/12/2022 |g 1 |l STACKS |m P25UMARCHI |r N |s Y |t BUKU |u 6/12/2022 |1 AHSS |o .STAFF. MST-CD1308 | ||
